| 000 | 00856nam a22002057a 4500 | ||
|---|---|---|---|
| 999 |
_c7478 _d7478 |
||
| 003 | AR-CdUCM | ||
| 008 | 190320b ||||| |||| 00| 0 spa d | ||
| 040 |
_aMUNICIPALIDAD PROVINCIAL DEL CUSCO _cBIBLIOTECA MUNICIPAL DEL CUSCO |
||
| 082 |
_a634.9 / _bAL44 |
||
| 100 |
_aAlvaréz Requejo Sergio _921090 |
||
| 245 |
_aMultiplicación de arboles frutales : _bexplotación de viveros / |
||
| 260 |
_aBarcelons : _bAEDOS, _c1964. |
||
| 300 |
_a224 PAGINAS ; _bIlustraciones, _c20 cm. |
||
| 505 | _aPlanificación del vivero -- Característica del suelo y del clima sistema de cultivo -- Multiplicación de los arboles frutales por medio de semillas -- multiplicación delos arboles frutales por métodos vegetativos... | ||
| 650 |
_aArboles frutales _921091 |
||
| 650 |
_aViveros _921092 |
||
| 650 |
_aAgricultura _9320 |
||
| 942 |
_2ddc _cLIBROS |
||
| 945 | _awnts | ||